[Event "snow falling on cedars"]
[Site "SchemingMind.com"]
[Date "2010.01.03"]
[Round "-"]
[White "meowmeowmeow999"]
[Black "saxondom"]
[Result "0-1"]
[WhiteCountry "USA"]
[BlackCountry "HUN"]
[WhiteElo "1430"]
[WhiteRD "105"]
[BlackElo "1237"]
[BlackRD "84"]
[GameID "233383"]

1. d4 Nf6 2. c4 g6 3. Nc3 d5 4. Bg5 Ne4 5. Nf3 Bg7 6. cxd5 Nxc3 7. bxc3 Qxd5 8. g3 O-O 9. Bxe7 Re8 10. Bg5 Nd7
11. Bg2 Nf6 12. Bxf6 Bxf6 13. O-O Bf5 14. Nd2 Qb5 15. e4 Be6 16. e5 Bg5 17. Rb1 Bxa2 18. Rxb5 Rab8 19. Rxb7 Rxb7 20. Bxb7 Bxd2
21. Qxd2 Bc4 22. Rc1 Re6 23. Qg5 f5 24. Qd8+ Kf7
0-1

[Event "snow falling on cedars"]
[Site "SchemingMind.com"]
[Date "2010.01.07"]
[Round "-"]
[White "meowmeowmeow999"]
[Black "maro"]
[Result "1-0"]
[WhiteCountry "USA"]
[BlackCountry "MEX"]
[WhiteElo "1430"]
[WhiteRD "105"]
[BlackElo "1297"]
[BlackRD "54"]
[GameID "233384"]

1. d4 Nf6 2. c4 g6 3. Nc3 d5 4. Nf3 Bg7 5. Qb3 O-O 6. cxd5 c6 7. e4 cxd5 8. exd5 Re8 9. Bb5 Bd7 10. Bxd7 Nbxd7
11. O-O Nb6 12. d6 exd6 13. Bg5 h6 14. Bxf6 Bxf6 15. Nd5 Nxd5 16. Qxd5 Re7 17. Nd2 b6 18. Ne4 Bg7 19. Rae1 Kh8 20. Nxd6
1-0

[Event "snow falling on cedars"]
[Site "SchemingMind.com"]
[Date "2010.01.05"]
[Round "-"]
[White "meowmeowmeow999"]
[Black "Darnell"]
[Result "1-0"]
[WhiteCountry "USA"]
[BlackCountry "CAN"]
[WhiteElo "1430"]
[WhiteRD "105"]
[BlackElo "1469"]
[BlackRD "63"]
[GameID "233385"]

1. d4 Nf6 2. c4 g6 3. Nc3 d5 4. cxd5 Nxd5 5. e4 Nxc3 6. bxc3 Bg7 7. Bc4 O-O 8. Ne2 c5 9. O-O cxd4 10. cxd4 Nc6
11. e5 e6 12. Ba3 Re8 13. Bb5 Bd7 14. Bxc6 Bxc6 15. Bd6 Qg5 16. g3 Bf3 17. Qd3 Qg4 18. Nf4 Bh6 19. h3
1-0

[Event "snow falling on cedars"]
[Site "SchemingMind.com"]
[Date "2010.01.04"]
[Round "-"]
[White "Gary"]
[Black "meowmeowmeow999"]
[Result "0-1"]
[WhiteCountry "ENG"]
[BlackCountry "USA"]
[WhiteElo "1335"]
[WhiteRD "76"]
[BlackElo "1677"]
[BlackRD "141"]
[GameID "233386"]

1. d4 Nf6 2. c4 g6 3. Nc3 d5 4. e3 Bg7 5. Nf3 O-O 6. Be2 c5 7. b3 Nc6 8. O-O Bg4 9. Bb2 cxd4 10. exd4 dxc4
11. bxc4 Bxf3 12. Bxf3 Qxd4 13. Bxc6 Qxd1
0-1

[Event "snow falling on cedars"]
[Site "SchemingMind.com"]
[Date "2010.01.03"]
[Round "-"]
[White "lame wolf"]
[Black "meowmeowmeow999"]
[Result "0-1"]
[WhiteCountry "INT"]
[BlackCountry "USA"]
[WhiteElo "1052"]
[WhiteRD "44"]
[BlackElo "1677"]
[BlackRD "141"]
[GameID "233387"]

1. d4 Nf6 2. c4 g6 3. Nc3 d5 4. c5 Nc6 5. e3 e5 6. dxe5 Nxe5 7. Be2 Bxc5 8. Nf3 Nxf3+ 9. Bxf3 c6 10. O-O O-O
11. b3 d4 12. exd4 Qxd4 13. Qxd4 Bxd4 14. Bb2 Bg4 15. Bxg4 Nxg4 16. Nd1 Bxb2 17. Nxb2 Rfe8 18. Rae1 Nf6 19. Rxe8+ Rxe8 20. Nc4 Nd5
21. Nd6 Re7 22. h3 Rd7 23. Nc4 b5 24. Ne5 Rc7 25. Rd1 Nc3 26. Rd7 Rxd7 27. Nxd7 Nxa2 28. f4 a5 29. Nc5 Nc3 30. Kf2 a4
31. bxa4 bxa4 32. Ke3 a3 33. Nb3 a2 34. Na1 Nd5+
0-1

[Event "snow falling on cedars"]
[Site "SchemingMind.com"]
[Date "2010.01.04"]
[Round "-"]
[White "Manfred Kraut"]
[Black "meowmeowmeow999"]
[Result "0-1"]
[WhiteCountry "GER"]
[BlackCountry "USA"]
[WhiteElo "1368"]
[WhiteRD "75"]
[BlackElo "1677"]
[BlackRD "141"]
[GameID "233388"]

1. d4 Nf6 2. c4 g6 3. Nc3 d5 4. c5 Nc6 5. Nf3 Bg7 6. e3 Bg4 7. Be2 O-O 8. O-O Ne4 9. b3 Nxc3 10. Qd3 Nxe2+
11. Qxe2 Bxf3 12. Qxf3 e5 13. Bd2 exd4 14. e4 dxe4 15. Qxe4 Qe7 16. Qxe7 Nxe7 17. Bg5 f6 18. Bf4 Nd5 19. Bxc7 Nxc7 20. Rfd1 f5
21. g3 Nb5 22. f4 Nc3 23. Rd3 Rfe8 24. Kf2 Re2+ 25. Kg1 Rae8 26. Rf1 Rxa2 27. Rf2 Rxf2 28. Kxf2 Re2+ 29. Kf3 Re3+ 30. Rxe3 dxe3
31. Kxe3 Kf8 32. Kd3 Ke7 33. Kc4 Kd7 34. b4 a6
0-1

[Event "snow falling on cedars"]
[Site "SchemingMind.com"]
[Date "2010.01.04"]
[Round "-"]
[White "saxondom"]
[Black "meowmeowmeow999"]
[Result "1-0"]
[WhiteCountry "HUN"]
[BlackCountry "USA"]
[WhiteElo "1237"]
[WhiteRD "84"]
[BlackElo "1430"]
[BlackRD "105"]
[GameID "233389"]

1. d4 Nf6 2. c4 g6 3. Nc3 d5 4. cxd5 Nxd5 5. e4 Nxc3 6. bxc3 Bg7 7. Nf3 Bg4 8. Bb5+ c6 9. Qb3 cxb5 10. Qxb5+ Qd7
11. Qxd7+ Nxd7 12. h3 Bxf3 13. gxf3 O-O 14. Bf4 e5 15. Be3 exd4 16. Bxd4 b6 17. Bxg7 Kxg7 18. f4 Nc5 19. e5 Nd3+ 20. Kd2 Nxf2
21. Rhe1 Rad8+ 22. Ke2 Ne4 23. c4 Rd2+ 24. Ke3 Rfd8 25. Kxe4 R8d4+ 26. Kf3 Rxc4 27. Re3 Rdd4 28. e6 Rxf4+ 29. Ke2 fxe6 30. Kd3
1-0

[Event "snow falling on cedars"]
[Site "SchemingMind.com"]
[Date "2010.01.07"]
[Round "-"]
[White "maro"]
[Black "meowmeowmeow999"]
[Result "0-1"]
[WhiteCountry "MEX"]
[BlackCountry "USA"]
[WhiteElo "1297"]
[WhiteRD "54"]
[BlackElo "1430"]
[BlackRD "105"]
[GameID "233390"]

1. d4 Nf6 2. c4 g6 3. Nc3 d5 4. c5 Nc6 5. Bf4 Bg7 6. e3 Bf5 7. Bd3 Qd7 8. Nb5 e5 9. dxe5 Bxd3 10. Qxd3 Nb4
11. Qc3 Qxb5 12. exf6 Bf8 13. Bxc7 Bxc5 14. Qe5+ Kd7 15. Rc1 Nd3+
0-1

[Event "snow falling on cedars"]
[Site "SchemingMind.com"]
[Date "2010.01.05"]
[Round "-"]
[White "Darnell"]
[Black "meowmeowmeow999"]
[Result "0-1"]
[WhiteCountry "CAN"]
[BlackCountry "USA"]
[WhiteElo "1421"]
[WhiteRD "69"]
[BlackElo "1677"]
[BlackRD "141"]
[GameID "233391"]

1. d4 Nf6 2. c4 g6 3. Nc3 d5 4. cxd5 Nxd5 5. e4 Nxc3 6. bxc3 Bg7 7. Bc4 O-O 8. Ne2 c5 9. O-O cxd4 10. cxd4 Nc6
11. e5 Qc7 12. Rb1 Rd8 13. f4 Nxe5
0-1

[Event "snow falling on cedars"]
[Site "SchemingMind.com"]
[Date "2010.01.09"]
[Round "-"]
[White "magnus1978"]
[Black "Gary"]
[Result "1-0"]
[WhiteCountry "SWE"]
[BlackCountry "ENG"]
[WhiteElo "1307"]
[WhiteRD "91"]
[BlackElo "1196"]
[BlackRD "61"]
[GameID "234011"]

1. d4 Nf6 2. c4 g6 3. Nc3 d5 4. c5 Bg7 5. Nf3 O-O 6. b4 c6 7. e4 Nxe4 8. Na4 Bg4 9. h4 h5 10. Qd3 a5
11. Ne5
1-0

[Event "snow falling on cedars"]
[Site "SchemingMind.com"]
[Date "2010.01.08"]
[Round "-"]
[White "magnus1978"]
[Black "lame wolf"]
[Result "1-0"]
[WhiteCountry "SWE"]
[BlackCountry "INT"]
[WhiteElo "1283"]
[WhiteRD "102"]
[BlackElo "1052"]
[BlackRD "44"]
[GameID "234012"]

1. d4 Nf6 2. c4 g6 3. Nc3 d5 4. c5 Nc6 5. e3 e6 6. f4 Bd7 7. Qb3 Qb8 8. h4 Ne4 9. Rh3 b6 10. Ba6 Nxc3
11. Qxc3 Bc8 12. Bb5 Bd7 13. b4 Ne7 14. Ba6 b5 15. a4 c6 16. Nf3 Bc8 17. Bxc8 Qxc8 18. axb5 f6 19. Bb2 f5 20. h5 gxh5
21. Rxh5 Kd7 22. Ne5+ Kc7 23. Qa3 Qe8 24. Qa5+ Kc8 25. Rg5 Rg8 26. b6 a6 27. b5 Rxg5 28. fxg5 Kb7 29. bxa6+ Rxa6 30. Qxa6+
1-0

[Event "snow falling on cedars"]
[Site "SchemingMind.com"]
[Date "2010.01.08"]
[Round "-"]
[White "magnus1978"]
[Black "Manfred Kraut"]
[Result "0-1"]
[WhiteCountry "SWE"]
[BlackCountry "GER"]
[WhiteElo "1307"]
[WhiteRD "91"]
[BlackElo "1360"]
[BlackRD "71"]
[GameID "234013"]

1. d4 Nf6 2. c4 g6 3. Nc3 d5 4. c5 c6 5. f3 Bg7 6. g4 O-O 7. Bf4 Nbd7 8. Nh3 b6 9. Qa4 b5 10. Qb4 a5
11. e4 dxe4 12. Nxe4 axb4 13. g5 Nxe4 14. Bd3 Bxd4 15. Rf1 Nexc5 16. Be2 Bxb2 17. Rb1 Na4 18. Bd3 Ndc5 19. Bc2 Bc3+ 20. Ke2 Bxh3
21. Rfd1 Qb6 22. Be3 Nb2 23. Rd7 Rxa2 24. Bf4 Bxd7 25. h4 Nc4 26. Rc1 Nb3 27. Rh1 Rxc2+ 28. Kd3 Rd2+ 29. Ke4 Qd4#
0-1

[Event "snow falling on cedars"]
[Site "SchemingMind.com"]
[Date "2010.01.08"]
[Round "-"]
[White "magnus1978"]
[Black "saxondom"]
[Result "1-0"]
[WhiteCountry "SWE"]
[BlackCountry "HUN"]
[WhiteElo "1307"]
[WhiteRD "91"]
[BlackElo "1237"]
[BlackRD "84"]
[GameID "234014"]

1. d4 Nf6 2. c4 g6 3. Nc3 d5 4. c5 Bg7 5. f3 O-O 6. b4 Nc6 7. g4 Nxb4 8. g5 e6 9. Ba3 Nc6 10. Rb1 Re8
11. gxf6 Bxf6 12. Bh3 Bxd4 13. Kd2 Bxc3+ 14. Kxc3 d4+ 15. Kc2 b6 16. f4 f5 17. Bg2 e5 18. Bxc6 Bb7 19. Bxb7 Rb8 20. Ba6 Qd5
21. Kb2 Qxh1 22. Nf3 bxc5+ 23. Kc2 d3+ 24. exd3 Rxb1 25. Qxb1 Qxf3 26. Bc4+ Kg7 27. Bb5 e4 28. Bxe8 Qxd3+ 29. Kb2 Qxb1+ 30. Kxb1 Kh6
31. Bxc5 g5 32. Bf8#
1-0

[Event "snow falling on cedars"]
[Site "SchemingMind.com"]
[Date "2010.01.08"]
[Round "-"]
[White "magnus1978"]
[Black "maro"]
[Result "1-0"]
[WhiteCountry "SWE"]
[BlackCountry "MEX"]
[WhiteElo "1283"]
[WhiteRD "102"]
[BlackElo "1308"]
[BlackRD "54"]
[GameID "234015"]

1. d4 Nf6 2. c4 g6 3. Nc3 d5 4. c5 c6 5. Na4 Qa5+ 6. Bd2 Qb5 7. e4 Bg4 8. f3 Qxf1+ 9. Kxf1 Be6 10. Qb3 dxe4
11. Qxb7 Bc4+ 12. Ke1 exf3 13. Qc8#
1-0

[Event "snow falling on cedars"]
[Site "SchemingMind.com"]
[Date "2010.01.08"]
[Round "-"]
[White "magnus1978"]
[Black "meowmeowmeow999"]
[Result "0-1"]
[WhiteCountry "SWE"]
[BlackCountry "USA"]
[WhiteElo "1307"]
[WhiteRD "91"]
[BlackElo "1430"]
[BlackRD "105"]
[GameID "234016"]

1. d4 Nf6 2. c4 g6 3. Nc3 d5 4. c5 Nc6 5. h4 Bg7 6. Nb5 Bd7 7. Bd2 e5 8. Nf3 O-O 9. dxe5 Nxe5 10. Nxe5 Bxb5
11. a4 Bc4 12. b3 Ne4 13. Bf4 Re8 14. Nxc4 Bxa1 15. Qxa1 dxc4 16. Bh6 Qf6 17. Qxf6 Nxf6 18. e3 cxb3 19. Bc4 b2 20. Ba2 Rad8
21. Rh3 Ne4 22. Rf3 Nc3 23. Bxf7+ Kh8 24. Bb3 b1=Q+
0-1

[Event "snow falling on cedars"]
[Site "SchemingMind.com"]
[Date "2010.01.07"]
[Round "-"]
[White "magnus1978"]
[Black "Darnell"]
[Result "0-1"]
[WhiteCountry "SWE"]
[BlackCountry "CAN"]
[WhiteElo "1307"]
[WhiteRD "91"]
[BlackElo "1469"]
[BlackRD "63"]
[GameID "234017"]

1. d4 Nf6 2. c4 g6 3. Nc3 d5 4. c5 Bg7 5. h4 Nc6 6. Rh3 Bxh3 7. Nxh3 b6 8. Na4 Ne4 9. g4 Bxd4 10. e3 Bg7
11. Nf4 e6 12. b3 Qxh4 13. Qe2 Bxa1 14. Qb5 Bc3+ 15. Ke2 Qxf2+ 16. Kd1 Qe1+ 17. Kc2 O-O 18. Qxc6 Bd2 19. Ne2 Qxf1 20. Nac3 Nxc3
21. Kxd2 Nxe2 22. Bb2 Qf2 23. Qxc7 Rfc8 24. Qe5 Ng1+ 25. Kc1 Rxc5+ 26. Kd1 Qc2+ 27. Ke1 Qe2#
0-1

[Event "snow falling on cedars"]
[Site "SchemingMind.com"]
[Date "2010.01.09"]
[Round "-"]
[White "lame wolf"]
[Black "magnus1978"]
[Result "1-0"]
[WhiteCountry "INT"]
[BlackCountry "SWE"]
[WhiteElo "1052"]
[WhiteRD "44"]
[BlackElo "1283"]
[BlackRD "102"]
[GameID "234019"]

1. d4 Nf6 2. c4 g6 3. Nc3 d5 4. c5 a5 5. g3 h5 6. Bg2 e6 7. e4 h4 8. g4 h3 9. Nxh3 Nxg4 10. Qxg4 Rh4
11. Qg5 e5 12. Qxd8+ Kxd8 13. Bg5+ Ke8 14. Bxh4 Nc6 15. exd5 Nxd4 16. O-O Ne2+ 17. Nxe2 Ra6 18. d6 c6 19. Rfc1 Bg4 20. Nc3 Bh6
21. Bg5 Bg7 22. Ne4 Ra8 23. Bf6 Kf8 24. Bxg7+ Kxg7 25. Rc3 f5 26. Neg5 Rh8 27. d7 Rd8 28. Bxc6 bxc6 29. Ne6+ Kh6 30. Nhg5 Rxd7
31. Re1 Rd4 32. Nxd4 Kxg5 33. Nxc6 Kf4 34. Nxe5 Bh5 35. c6
1-0

[Event "snow falling on cedars"]
[Site "SchemingMind.com"]
[Date "2010.01.09"]
[Round "-"]
[White "Manfred Kraut"]
[Black "magnus1978"]
[Result "0-1"]
[WhiteCountry "GER"]
[BlackCountry "SWE"]
[WhiteElo "1368"]
[WhiteRD "75"]
[BlackElo "1283"]
[BlackRD "102"]
[GameID "234020"]

1. d4 Nf6 2. c4 g6 3. Nc3 d5 4. c5 Nc6 5. g3 Bf5 6. Bg2 Nb4 7. Qa4+ c6 8. a3 Nc2+ 9. Kf1 Nxa1 10. Bg5 Qc7
11. Nf3 h6 12. Nh4 b5 13. Nxb5 Qb7 14. Nc3 Bc2 15. Qb4 Qc8 16. Bd2 a5 17. Qb6 Ra6 18. Qxa6 Qxa6 19. f3 Nb3 20. Kf2 Nxd2
0-1

[Event "snow falling on cedars"]
[Site "SchemingMind.com"]
[Date "2010.01.09"]
[Round "-"]
[White "saxondom"]
[Black "magnus1978"]
[Result "1-0"]
[WhiteCountry "HUN"]
[BlackCountry "SWE"]
[WhiteElo "1219"]
[WhiteRD "83"]
[BlackElo "1227"]
[BlackRD "87"]
[GameID "234021"]

1. d4 Nf6 2. c4 g6 3. Nc3 d5 4. Qb3 Nc6 5. cxd5 Na5 6. Qb5+ c6 7. dxc6 a6 8. Bg5 axb5 9. cxb7 Qxd4 10. bxa8=Q Qd8
11. Nxb5 Bd7 12. Qa6 Ne4 13. Bd2 Nxd2 14. Kxd2 Bf5+ 15. Ke1 e6 16. e3 Bb4+ 17. Nc3 O-O 18. Bb5 Qb8 19. Rc1 Rd8 20. Nf3 Rd6
21. Ne5 Rxa6 22. Bxa6 Bd6 23. f4 Qxb2 24. Ne2 Bb4+ 25. Kf2 Bg4 26. Nxg4 Qxa2 27. Nf6+ Kg7 28. Ne8+ Kf8 29. Nc7 Be7 30. Kf3 h5
31. g4 hxg4+ 32. Kxg4 Nb3 33. Bc4 Bd6 34. Na6 Ke7 35. h4 Qa5 36. Bxb3 Qf5+ 37. Kf3 Qh5+ 38. Kf2 e5 39. Ng3 Qg4 40. h5 exf4
41. Rce1 Qxg3+ 42. Ke2 f3+ 43. Kd3 Qe5 44. h6 Qb5+ 45. Bc4 Qf5+ 46. e4 Qg5 47. h7 f2 48. Re2 Qg2 49. h8=Q f1=Q 50. Rxf1 Qxf1
51. Qh4+ Kf8 52. Qd8+ Kg7 53. Qxd6 Qd1+ 54. Rd2 Qf1+ 55. Kc3 Qc1+ 56. Rc2 Qe3+ 57. Qd3 Qf4 58. Qd4+ Kh7 59. e5 Qg3+ 60. Kb4 Qe1+
61. Kc5 Qa5+ 62. Bb5 Qa3+ 63. Kb6 Qe7 64. Rh2+ Kg7 65. e6+ f6 66. Qd2 f5 67. Qh6+ Kf6 68. Qh8+ Kxe6 69. Re2+ Kd6 70. Qd4#
1-0

[Event "snow falling on cedars"]
[Site "SchemingMind.com"]
[Date "2010.01.09"]
[Round "-"]
[White "maro"]
[Black "magnus1978"]
[Result "0-1"]
[WhiteCountry "MEX"]
[BlackCountry "SWE"]
[WhiteElo "1308"]
[WhiteRD "54"]
[BlackElo "1283"]
[BlackRD "102"]
[GameID "234022"]

1. d4 Nf6 2. c4 g6 3. Nc3 d5 4. c5 Nh5 5. e4 c6 6. e5 f5 7. exf6 Nxf6 8. Bg5 h6 9. Bxf6 exf6 10. Bd3 Rg8
11. Qc2 Na6 12. Bxg6+ Rxg6 13. Qxg6+ Ke7 14. O-O-O Kd7 15. Qg4+ Ke8 16. Re1+ Kf7 17. Qh5+ Kg7 18. Re8 Qd7 19. Nf3 Nc7 20. Nh4 Qxe8
21. Ng6 Qxg6 22. Qe2 Qxg2
0-1

[Event "snow falling on cedars"]
[Site "SchemingMind.com"]
[Date "2010.01.09"]
[Round "-"]
[White "meowmeowmeow999"]
[Black "magnus1978"]
[Result "1-0"]
[WhiteCountry "USA"]
[BlackCountry "SWE"]
[WhiteElo "1430"]
[WhiteRD "105"]
[BlackElo "1307"]
[BlackRD "91"]
[GameID "234023"]

1. d4 Nf6 2. c4 g6 3. Nc3 d5 4. Qb3 c6 5. cxd5 cxd5 6. Bg5 h6 7. Bxf6 exf6 8. Qxd5 Qb6 9. Qb5+ Nc6 10. e3 Bd7
11. Nd5 Qxb5 12. Bxb5 Bg7 13. Nf3 a6 14. Bxc6 bxc6 15. Nc7+ Ke7 16. Nxa8 Rxa8 17. O-O Be6 18. b3 Ke8 19. Rac1 Bd7 20. Rfd1 Bf5
21. Rxc6 Bd3 22. Rxd3 Rb8 23. Rdc3 g5 24. Rc8+ Rxc8 25. Rxc8+ Ke7 26. Ra8 g4 27. Nh4 Ke6 28. Rg8 Kd5 29. Rxg7 Ke4 30. Rxf7 Kd3
31. Rxf6 Kc2 32. Rxa6 Kd1 33. d5
1-0

[Event "snow falling on cedars"]
[Site "SchemingMind.com"]
[Date "2010.01.09"]
[Round "-"]
[White "Darnell"]
[Black "magnus1978"]
[Result "1-0"]
[WhiteCountry "CAN"]
[BlackCountry "SWE"]
[WhiteElo "1387"]
[WhiteRD "62"]
[BlackElo "1287"]
[BlackRD "90"]
[GameID "234024"]

1. d4 Nf6 2. c4 g6 3. Nc3 d5 4. Bf4 Nc6 5. e3 h5 6. Nf3 e6 7. Bg5 Bb4 8. Qc2 Na5 9. Qa4+ Nc6 10. Qc2 O-O
11. h3 e5 12. dxe5 Bf5 13. Qc1 Kg7 14. Bxf6+ Kh7 15. Ng5+ Kh6 16. e4 Qd7 17. Nxf7+ Kh7 18. Qh6+ Kg8 19. Qh8+ Kxf7 20. Qg7+ Ke8
21. Qxd7+ Bxd7 22. exd5 Nd4 23. Bd3 Rg8 24. e6 Bc8 25. Bxd4 Bd6 26. Nb5 Bb4+ 27. Ke2 Kd8 28. a3 Be7 29. Be5 a6 30. Nxc7 Ra7
31. Bd4 b6 32. Bxb6 Rxc7 33. b4 Bb7 34. Ke3 Kc8 35. Ke4 Rf8 36. Rhf1 Bd6 37. c5 Rf4+ 38. Ke3 Bxd5 39. cxd6 Rc3 40. Rac1 Re4+
41. Kd2 Rxc1 42. Rxc1+ Kb7 43. d7 Bxe6 44. d8=Q a5 45. Qc7+
1-0